000 00640cam a22002293a 4500
001 25395
003 PGUSA
005 20140828083539.0
008 080508s2008||||xxu|||||s|||||000 | eng d
040 _aPGUSA
_beng
042 _adc
050 4 _aBT
100 1 _aGordon, A. J.
_q(Adoniram Judson),
_d1836-1895
245 1 4 _aThe Ministry of the Spirit
_h[electronic resource] /
_cA. J. Gordon
260 _bProject Gutenberg,
_c2008
506 _aPublic domain in the USA.
516 _aElectronic text
653 _aHoly Spirit
830 0 _aProject Gutenberg
_v25395
856 4 0 _uhttp://www.gutenberg.org/ebooks/25395
942 _cEB
999 _c254650
_d254650